[Event "Roses"]
[Site "Roses"]
[Date "1992.??.??"]
[Round "5"]
[White "Cuadras, Jorge"]
[Black "Marin, Mihail"]
[Result "0-1"]
[WhiteElo "2320"]
[BlackElo "2525"]

1.e4 c5 2.Nf3 e6 3.d4 cxd4 4.Nxd4 a6 5.Bd3 Nf6 6.c4 Nc6 7.Nxc6 dxc6 8.O-O e5
9.Na3 Bg4 10.Qb3 Qc7 11.Be3 Nd7 12.Qc3 Bc5 13.Nc2 a5 14.b3 Rd8 15.a3 Bxe3
16.Nxe3 Nc5 17.Bc2 Be2 18.Rfe1 Bd3 19.Nf5 Bxc2 20.Qxc2 g6 21.Nh6 Kf8 22.b4 Ne6
23.Qc3 Kg7 24.Ng4 Rd4 25.Qg3 h5 26.Qxe5+ Qxe5 27.Nxe5 axb4 28.axb4 Kf6 29.Nf3 Rxc4
30.e5+ Ke7 31.Reb1 Rd8 32.h4 Rd5 33.Ra5 Kd7 34.b5 Rxb5 35.Rbxb5 cxb5 36.Rxb5 Kc6
37.Rb1 b5 38.Kf1 b4 39.g3 Kb5 40.Nd2 Rd4 41.Ke2 Nc5 42.Rb2 Ne4 43.Nb1 Nc5
44.f3 Kc4 45.Rc2+ Kb5 46.Rb2 b3 47.Nd2 Kb4 48.Rb1 Rd5 49.f4 Rd4 50.Nxb3 Nxb3
51.Ke3 Rc4 52.Rg1 Rc3+ 53.Ke4 Kc5 54.e6 f6  0-1

[Event "Sao Paulo op"]
[Site "Sao Paulo"]
[Date "1992.??.??"]
[Round "?"]
[White "De Souza, Mauro"]
[Black "Cid, Marino Alejandro"]
[Result "0-1"]
[WhiteElo "2210"]
[BlackElo "2425"]

1.e4 c5 2.Nf3 e6 3.d4 cxd4 4.Nxd4 a6 5.Bd3 Bc5 6.Nb3 Ba7 7.Nc3 Nc6 8.Qe2 Qc7
9.Be3 Nf6 10.f4 d6 11.O-O-O b5 12.Bxa7 Nxa7 13.Qd2 O-O 14.Kb1 b4 15.Ne2 a5
16.Ng3 a4 17.Nc1 Rb8 18.Rhe1 Bd7 19.Re3 Bb5 20.Bxb5 Nxb5 21.Qxb4 Ng4 22.Rf3 Rfc8
23.c4 Nd4  0-1

[Event "Sas van Gent"]
[Site "Sas van Gent"]
[Date "1992.??.??"]
[Round "?"]
[White "Klip, Hans"]
[Black "Farago, Ivan"]
[Result "0-1"]
[WhiteElo "2345"]
[BlackElo "2510"]

1.e4 c5 2.Nf3 e6 3.d4 cxd4 4.Nxd4 a6 5.Bd3 Nf6 6.O-O Qc7 7.Qe2 d6 8.c4 g6
9.b3 Bg7 10.Bb2 O-O 11.Nd2 Nh5 12.Qe3 Nd7 13.Rab1 b6 14.Ne2 Nhf6 15.f4 Bb7
16.Kh1 Rfe8 17.Qh3 Nc5 18.Nc3 Rad8 19.Bc2 d5 20.e5 Nh5 21.Rbe1 Bh6 22.Qg4 Qc6
23.cxd5 exd5 24.b4 Ne6 25.Nf3 Nhxf4 26.Qh4 Bg7 27.Bb1 Qc4 28.Qg3 Qxb4 29.Ba1 Rc8
30.Nd2 Nh5 31.Qf3 Rc7 32.Nb3 Qh4 33.Nd2 Rd8 34.Ne2 Ng5 35.Qe3 d4 36.Nxd4 Rcd7
37.N2f3 Nxf3 38.Nxf3 Ng3+ 39.Kg1 Nxf1 40.Rxf1 Bxf3  0-1

[Event "Sas van Gent"]
[Site "Sas van Gent"]
[Date "1992.??.??"]
[Round "?"]
[White "Klip, Hans"]
[Black "Motwani, Paul"]
[Result "0-1"]
[WhiteElo "2345"]
[BlackElo "2500"]

1.e4 c5 2.Nf3 e6 3.d4 cxd4 4.Nxd4 a6 5.Bd3 Bc5 6.Nb3 Ba7 7.Qe2 Nc6 8.Be3 d6
9.Nc3 b5 10.f4 Nf6 11.O-O-O b4 12.Nb1 Qc7 13.g4 e5 14.f5 a5 15.Bxa7 Nxa7
16.g5 Nd7 17.g6 hxg6 18.fxg6 fxg6 19.a4 Nf6 20.Rhg1 Be6 21.N1d2 Rh6 22.Kb1 Ke7
23.Bc4 Bd7 24.Nf1 Nc8 25.Ne3 Nb6 26.Bb5 Be6 27.Qd3 Nh5 28.Ng2 Nd7 29.Qd2 Nc5
30.Nxc5 Qxc5 31.Qg5+ Nf6 32.Nh4 Bf7 33.Rgf1 Rah8 34.Nf3 Rh5 35.Qg2 g5 36.Ne1 g4
37.Nd3 Qc7 38.Rc1 Rxh2 39.Qg1 R2h4 40.Qe3 R8h5 41.c3 b3 42.c4 Rh3 43.Qe2 Rh2
44.Qd1 Rc2 45.Rxc2 bxc2+ 46.Qxc2 Bg6 47.Ka1 Bxe4 48.Qd2 g3  0-1

[Event "Sitges op"]
[Site "Sitges"]
[Date "1992.??.??"]
[Round "8"]
[White "Kuijf, Marinus"]
[Black "Spassov, Liuben"]
[Result "1/2-1/2"]
[WhiteElo "2440"]
[BlackElo "2405"]

1.e4 c5 2.Nf3 e6 3.d4 cxd4 4.Nxd4 a6 5.Bd3 Nf6 6.O-O Qc7 7.Qe2 d6 8.Nc3 Be7
9.Kh1 O-O 10.f4 Nbd7 11.Nf3  1/2-1/2

[Event "Alekhine op"]
[Site "Smolensk"]
[Date "1992.??.??"]
[Round "5"]
[White "Losev, Dmitry"]
[Black "Kondenko, Alexey"]
[Result "1/2-1/2"]
[WhiteElo "2345"]
[BlackElo "2385"]

1.e4 c5 2.Nf3 e6 3.d4 cxd4 4.Nxd4 a6 5.Bd3 Nf6 6.O-O d6 7.c4 b6 8.Nc3 Bb7
9.b3 Nbd7 10.Qe2 Be7 11.Bb2 O-O 12.Rad1 Qc7 13.Bb1 Rfe8 14.f4 Bf8 15.Kh1 g6
16.e5 dxe5 17.fxe5 Nh5 18.Be4 Nc5 19.Bxb7 Qxb7 20.b4 Nd7 21.Ne4 Nxe5 22.Nf3 Ng4
23.Nfg5 f5 24.h3 Be7 25.hxg4 Bxg5 26.gxh5 Qxe4 27.Qxe4 fxe4 28.hxg6 hxg6
29.Rd4 Rf8 30.Rxf8+ Rxf8 31.Rxe4 Rf1+ 32.Kh2 Kf7 33.Be5 Be7 34.b5 axb5 35.cxb5 g5
36.Kg3 Rf5 37.Kh3 Bf6 38.Bxf6 Kxf6 39.a4 Rc5 40.Kg4 e5 41.Rb4 Rc8 42.g3 Kg6
43.Re4 Rc5 44.Rb4 Kf6 45.Kh5 Kf5 46.Rg4 Rc8 47.Rxg5+ Ke4 48.Rg6 Rb8 49.g4 Kd5
50.g5 e4 51.Rc6 e3 52.g6 e2 53.Rc1 Ke5 54.Kg5 Rf8 55.g7 Rf2 56.Kg6 Rg2+ 57.Kf7 Rf2+
58.Ke8 Rg2 59.Re1 Rxg7 60.Rxe2+ Kd6 61.Kd8 Ra7 62.Rd2+ Kc5 63.Rc2+ Kb4 64.Rc6  1/2-1/2

[Event "Alekhine op"]
[Site "Smolensk"]
[Date "1992.??.??"]
[Round "6"]
[White "Ginsburg, Gennadij"]
[Black "Shestoperov, Aleksej"]
[Result "1-0"]
[WhiteElo "2395"]
[BlackElo "2455"]

1.e4 c5 2.Nf3 e6 3.d4 cxd4 4.Nxd4 a6 5.Bd3 b6 6.O-O Bb7 7.Qe2 d6 8.c4 Nd7
9.Nc3 g6 10.Be3 Bg7 11.a4 Nc5 12.b4 Nxd3 13.Qxd3 Nf6 14.Nb3 Ng4 15.Bd4 e5
16.Be3 Nxe3 17.Qxe3 Rc8 18.c5 bxc5 19.bxc5 dxc5 20.Rfd1 Qb6 21.a5 Qxb3 22.Rdb1 Qe6
23.Rxb7 O-O 24.Nd5 Rb8 25.Rb6 Qd7 26.Qxc5 Ra8 27.h3 Kh8 28.Qc7 Rfd8 29.Rab1 Qxc7
30.Nxc7 Ra7 31.Rb7 Rxb7 32.Rxb7 Rd1+ 33.Kh2 Bh6 34.Nxa6 Ra1 35.Rxf7 Rxa5
36.Nb4 Kg8 37.Rd7 Bg5 38.g3 Ra4 39.Nd5 h5 40.h4 Bc1 41.Rc7 Ba3 42.Nf6+ Kf8
43.Nd7+ Ke7 44.Nxe5+  1-0

[Event "Alekhine op"]
[Site "Smolensk"]
[Date "1992.??.??"]
[Round "6"]
[White "Nevostrujev, Vladimir"]
[Black "Tunik, Gennady"]
[Result "1-0"]
[WhiteElo "2450"]
[BlackElo "2480"]

1.e4 c5 2.Nf3 e6 3.d4 cxd4 4.Nxd4 a6 5.Bd3 Bc5 6.Nb3 Ba7 7.c4 d6 8.Nc3 Nc6
9.O-O Nge7 10.Qe2 Nd4 11.Nxd4 Bxd4 12.Rd1 O-O 13.Be3 Nc6 14.Bxd4 Nxd4 15.Qe3 e5
16.Ne2 Ne6 17.Rd2 Bd7 18.Rad1 Qc7 19.Bc2 Qxc4 20.Bb3 Qc5 21.Rxd6 Qxe3 22.fxe3 Bc6
23.Bxe6 fxe6 24.Rxe6 Rfe8 25.Rxe8+ Rxe8 26.Nc3 Kf7 27.Kf2 Ke6 28.Ke2 Rc8
29.Rd2 g5 30.Ke1 Rf8 31.a3 h5 32.b4 h4 33.a4 g4 34.Rf2 Rxf2 35.Kxf2 a5 36.bxa5 Kd6
37.g3 h3 38.Ke2 Kc5 39.Nd5 Bd7 40.Kd2 Be6 41.Kc3 Bf7 42.Nb4 Bc4 43.Nc2 Bf7
44.Na1 Bg6 45.Nb3+ Kd6 46.Nd2 Kc5 47.Nc4 Bxe4 48.Nxe5 Bf5 49.Nd3+ Kd5 50.Nf2 Ke5
51.Kc4 Bd7 52.Kc5 Bxa4 53.Kb6  1-0

[Event "Sochi-chJ"]
[Site "Sochi"]
[Date "1992.??.??"]
[Round "?"]
[White "Yemelin, Vasily"]
[Black "Landa, Konstantin"]
[Result "1-0"]
[WhiteElo "2345"]
[BlackElo "2450"]

1.e4 c5 2.Nf3 e6 3.d4 cxd4 4.Nxd4 a6 5.Bd3 g6 6.c4 Bg7 7.Nf3 Ne7 8.Nc3 Nbc6
9.Be2 Qc7 10.Be3 d6 11.Qd2 Bd7 12.O-O Rd8 13.Rfd1 Bc8 14.Na4 Rd7 15.Rac1 O-O
16.b4 Ne5 17.b5 Ng4 18.Bb6 Qb8 19.Qb4 Re8 20.c5 dxc5 21.Bxc5 Bf8 22.bxa6 Nc6
23.Qb6 Rxd1+ 24.Rxd1 Nf6 25.Bxf8 Nd7 26.Qb5 Nxf8 27.Nc5 Re7 28.Rb1 Na7 29.Qb6  1-0

[Event "St Petersburg op"]
[Site "St Petersburg"]
[Date "1992.??.??"]
[Round "?"]
[White "Khropov, Boris"]
[Black "Nikolaev, Sergej"]
[Result "1-0"]
[WhiteElo "2205"]
[BlackElo "2425"]

1.e4 c5 2.Nf3 e6 3.d4 cxd4 4.Nxd4 a6 5.Bd3 Nf6 6.O-O d6 7.Be3 g6 8.Kh1 Bg7
9.f4 e5 10.fxe5 Ng4 11.Bg1 Nxe5 12.Be2 O-O 13.Nc3 Nbc6 14.Nd5 Nxd4 15.Bxd4 Be6
16.Bb6 Qd7 17.c4 Rac8 18.Rc1 Bxd5 19.exd5 Qe7 20.Bf2 Nd7 21.b4 Rfe8 22.Bg4 f5
23.Re1 Be5 24.Bf3 g5 25.Qd3 g4 26.Bd1 Rf8 27.c5 Qg5 28.Rc4 Nf6 29.Bg1 Qh4
30.Rxe5 dxe5 31.Qxf5 Rce8 32.Bxg4 Qe1 33.Qg5+ Kh8 34.Be6 Nxd5 35.Rg4  1-0

[Event "Stare Mesto op"]
[Site "Stare Mesto"]
[Date "1992.??.??"]
[Round "?"]
[White "Dranov, Aleksandar"]
[Black "Nikuljshin, Konstantin"]
[Result "0-1"]
[WhiteElo "2310"]
[BlackElo "2395"]

1.e4 c5 2.Nf3 e6 3.d4 cxd4 4.Nxd4 a6 5.Bd3 Nf6 6.O-O Qc7 7.c4 b6 8.b3 Bb7
9.Qe2 d6 10.Bb2 Nbd7 11.Nc3 g6 12.Rac1 Bg7 13.Rfd1 O-O 14.Bb1 Bh6 15.Rc2 Nc5
16.Bc1 Bg7 17.Rcd2 Rfe8 18.f3 d5 19.exd5 exd5 20.Qf1 dxc4 21.bxc4 Rad8 22.Nb3 Ng4
23.fxg4 Bxc3 24.Rxd8 Rxd8 25.Rxd8+ Qxd8 26.Be3 Qe7 27.Bf2 Nd7 28.Qd3 Bf6
29.Qe3 Qd6 30.Bd3 Ne5 31.Be2 Qc6 32.Bf1 Nxc4 33.Qf4 b5 34.Nc5 Ba8 35.Qb8+ Kg7
36.Qa7 a5 37.Nb3 Qd5 38.Bd4 a4 39.g5 Be5 40.Bxe5+ Nxe5 41.Nd4 Nc6 42.Nxc6 Bxc6
43.Qb6 a3 44.Qe3 b4 45.h4 Qe4 46.Qb6 h6 47.Qc5 Bd5 48.Qf2 hxg5 49.hxg5 Qe5
50.Qc5 Qe4 51.Qf2 Be6 52.Qd2 Kh7 53.Bd3 Qd4+ 54.Kh1 Qc3 55.Qd1 Bxa2 56.Qh5+ Kg8
57.Bxg6 Qh8  0-1

[Event "Stockholm op"]
[Site "Stockholm"]
[Date "1992.??.??"]
[Round "?"]
[White "Furhoff, Johan"]
[Black "Bellon Lopez, Juan Manuel"]
[Result "0-1"]
[WhiteElo "2250"]
[BlackElo "2435"]

1.e4 c5 2.Nf3 e6 3.d4 cxd4 4.Nxd4 a6 5.Bd3 Qc7 6.O-O Nf6 7.Nc3 Nc6 8.Nxc6 bxc6
9.f4 d5 10.e5 Nd7 11.b3 Bb7 12.Qe2 g6 13.Bb2 c5 14.Nd1 Bg7 15.c4 O-O 16.Ne3 Rfe8
17.Ng4 d4 18.Rad1 a5 19.Bc2 Qc6 20.Rf3 Qb6 21.Rh3 a4 22.Nf2 f5 23.exf6 Nxf6
24.Bb1 axb3 25.axb3 e5 26.fxe5 Nd7 27.Qg4 Nxe5 28.Qh4 h6 29.Bc1 Nf7 30.Rf1 Re6
31.Nd3 Rf8 32.Rg3 g5 33.Qg4 Bc8 34.Qd1 Bb7 35.Ba3 Rc8 36.Qg4 Ne5 37.Nxe5 Rxe5
38.Qd7 Qc6 39.Qf7+ Kh8 40.h4 Rf8 41.Qg6 Qxg6 42.Bxg6 gxh4 43.Rg4 Rxf1+ 44.Kxf1 Bf6
45.Rf4 Kg7 46.Bc2 Rg5 47.Rf2 Bc8 48.Bc1 h3 49.gxh3 Bxh3+ 50.Ke2 Re5+ 51.Kf3 Bg5
52.Bf4 Re1 53.Kg3 Bxf4+ 54.Kxh3 Re3+ 55.Kg4 Bc7 56.Rf5 d3 57.Bd1 Re1 58.Bf3 Be5
59.Rh5 d2 60.Kf5 Rf1 61.Kxe5 Rxf3 62.Rh1 Re3+  0-1

[Event "Rilton Cup"]
[Site "Stockholm"]
[Date "1992.??.??"]
[Round "1"]
[White "Astrom, Goran"]
[Black "Sjoberg, Mats"]
[Result "1-0"]
[WhiteElo "2290"]
[BlackElo "2470"]

1.e4 c5 2.Nf3 e6 3.d4 cxd4 4.Nxd4 a6 5.Bd3 Bc5 6.Nb3 Ba7 7.Qe2 Nc6 8.Be3 Nf6
9.Nc3 d6 10.Bxa7 Rxa7 11.g4 b5 12.g5 Nd7 13.Qe3 Qb6 14.Qxb6 Nxb6 15.Rg1 h6
16.gxh6 g6 17.a4 bxa4 18.Nxa4 Nxa4 19.Rxa4 Rxh6 20.Ke2 Ne5 21.Rh1 Rc7 22.Nd2 Ke7
23.c3 Nxd3 24.Kxd3 Rh3+ 25.f3 Bb7 26.Ke3 f5 27.Kf2 g5 28.Rg1 Rxh2+ 29.Rg2 Rxg2+
30.Kxg2 f4 31.Nb3 e5 32.Na5 Bc8 33.Rb4 g4 34.fxg4 Bxg4 35.Rb6 Bc8 36.Nc6+ Ke6
37.Kf3 Rh7 38.Nb4 Rh3+ 39.Kf2 Re3 40.Nxa6  1-0

[Event "SWZ-chI op"]
[Site "?"]
[Date "1992.??.??"]
[Round "8"]
[White "Fogarasi, Tibor"]
[Black "Erdelyi, Tamas"]
[Result "1-0"]
[WhiteElo "2435"]
[BlackElo "2405"]

1.e4 c5 2.Nf3 e6 3.d4 cxd4 4.Nxd4 a6 5.Bd3 Qc7 6.O-O Nf6 7.Qe2 d6 8.c4 b6
9.Nc3 Bb7 10.f4 Nbd7 11.Bd2 Be7 12.Rae1 Rd8 13.Nd5 exd5 14.exd5 O-O 15.Nf5 Rfe8
16.Nxe7+ Kf8 17.Rf3 Ng4 18.h3 Ndf6 19.hxg4 Nxg4 20.Rh3 Qc5+ 21.Kf1 Nf6 22.Re3 Qd4
23.Nf5 Qxf4+ 24.Kg1 Rxe3 25.Bxe3  1-0

[Event "Werfen op"]
[Site "Werfen"]
[Date "1992.??.??"]
[Round "5"]
[White "Gorelov, Sergey G"]
[Black "Reiter, Markus"]
[Result "1-0"]
[WhiteElo "2475"]
[BlackElo "2305"]

1.e4 c5 2.Nf3 e6 3.d4 cxd4 4.Nxd4 a6 5.Bd3 Nc6 6.Nxc6 dxc6 7.O-O e5 8.Qh5 Bd6
9.Bc4 Qe7 10.Rd1 Nf6 11.Qxf7+ Qxf7 12.Bxf7+ Kxf7 13.Rxd6 Nxe4 14.Rd1 Bf5
15.Re1 Rad8 16.Be3 Rd5 17.f3 Nf6 18.Nc3 Rd7 19.Rac1 Nd5 20.Na4 Nxe3 21.Rxe3 Kf6
22.Kf2 Rhd8 23.Nc5 Rd2+ 24.Re2 Rxe2+ 25.Kxe2 Rd5 26.b4 a5 27.c4 Rd8 28.bxa5 Ra8
29.Nb3 Be6 30.Kd2 Ke7 31.Kc3 Kd6 32.Kb4 Kc7 33.Re1 b5 34.axb6+ Kxb6 35.Rxe5 Bg8
36.a4 Rd8 37.a5+  1-0

[Event "Werfen op"]
[Site "Werfen"]
[Date "1992.??.??"]
[Round "6"]
[White "Korneev, Oleg"]
[Black "Palos, Osman"]
[Result "0-1"]
[WhiteElo "2475"]
[BlackElo "2350"]

1.e4 c5 2.Nf3 e6 3.d4 cxd4 4.Nxd4 a6 5.Bd3 Qc7 6.Nc3 Nf6 7.Bg5 Be7 8.Qe2 d6
9.O-O Nbd7 10.Kh1 h6 11.Bd2 Nc5 12.f4 O-O 13.g4 b5 14.g5 hxg5 15.fxg5 Nfd7
16.Qh5 Ne5 17.Rf4 g6 18.Qh6 f5 19.Rh4 Kf7 20.exf5 Bb7+ 21.Kg1 exf5 22.Bxf5 Ke8
23.Bxg6+ Kd7 24.Bf4 Qb6 25.Rf1 Rg8 26.Bf5+ Kc7 27.h3 Rae8  0-1

[Event "Sonnevanck"]
[Site "Wijk aan Zee"]
[Date "1992.??.??"]
[Round "1"]
[White "Kotronias, Vasilios"]
[Black "Lau, Ralf"]
[Result "1-0"]
[WhiteElo "2550"]
[BlackElo "2520"]

1.e4 c5 2.Nf3 e6 3.d4 cxd4 4.Nxd4 a6 5.Bd3 Bc5 6.Nb3 Ba7 7.Qe2 Nc6 8.Be3 Nge7
9.Nc3 O-O 10.Bxa7 Rxa7 11.f4 b5 12.Qf2 Rc7 13.O-O Bb7 14.Rad1 Qb8 15.Qh4 f6
16.a3 Qa7+ 17.Kh1 Qb6 18.Rf3 Ng6 19.Qh5 Rf7 20.a4 bxa4 21.Nxa4 Qa7 22.c3 Bc8
23.Bc2 Qb8 24.Nbc5 Ra7 25.e5 f5 26.Rh3 Nf8 27.Rhd3 Rc7 28.Qh4 Qa7 29.b4 Qb8
30.Qf2 h6 31.Rg3 Kh7 32.h4 Ra7 33.h5 Kh8 34.Qe2 Qc7 35.Nb2 Ne7 36.Nc4 Nd5
37.Nd6 Re7 38.Rxd5 exd5 39.Nxf5 Rf7 40.Nd6 Re7 41.Qd3 Qc6 42.Qf5  1-0

[Event "Sonnevanck"]
[Site "Wijk aan Zee"]
[Date "1992.??.??"]
[Round "3"]
[White "Nijboer, Friso"]
[Black "Lau, Ralf"]
[Result "1/2-1/2"]
[WhiteElo "2485"]
[BlackElo "2520"]

1.e4 c5 2.Nf3 e6 3.d4 cxd4 4.Nxd4 a6 5.Bd3 Nf6 6.O-O Qc7 7.Qe2 d6 8.c4 g6
9.Nc3 Bg7 10.Nf3 O-O 11.Bf4 Nh5 12.Be3 Nd7 13.Rac1 Re8 14.Qd2 Bf8 15.Be2 b6
16.Rfd1 Bb7 17.e5 Nxe5 18.Nxe5 dxe5 19.Bxh5 gxh5 20.Bh6 f6 21.Bxf8 Rxf8 22.Qd7 Qxd7
23.Rxd7 Bc6 24.Rd6 Rac8 25.Rxe6 Kf7 26.Rd6 Rfd8 27.Rcd1 Rxd6 28.Rxd6 Ke7
29.Rd3 Rg8 30.Nd5+ Bxd5 31.Rxd5 Ke6 32.b3 Rc8 33.a4 Rc5 34.Rd1 h4 35.Kf1 Rc8
36.Ke2 f5 37.Ra1 Rc5 38.Rd1 Rc8 39.g3 h5 40.Rd5 hxg3 41.hxg3 h4 42.gxh4 Rh8
43.a5 b5 44.Rc5 Kd6 45.Rd5+ Ke6 46.Rc5 Kd6 47.b4 bxc4 48.Rxc4 f4 49.Kf3 Rxh4
50.Rc8 Kd5 51.Rd8+ Kc4 52.Rd6 Kxb4 53.Rxa6 Rh3+ 54.Ke4 Rh2 55.Rb6+ Kxa5 56.Rb2 Rh5
57.f3 Ka6 58.Rb8 Rh3 59.Re8 Kb6 60.Rxe5 Kc6 61.Kxf4 Kd6 62.Re8 Kd7 63.Re4 Rh8
64.Kg5 Rg8+ 65.Kh5 Kd6 66.f4 Kd5 67.Re7 Kd6 68.Re1 Rf8 69.Kg5 Rg8+ 70.Kh6 Rf8
71.Re4 Kd5 72.Ra4 Ke6 73.Kg7 Rf7+ 74.Kg6 Rf6+ 75.Kg5 Rf5+ 76.Kg4 Rb5 77.f5+ Kf6
78.Ra6+ Kf7 79.Kg5 Rb7 80.Rh6 Rb5 81.Rh7+ Kg8 82.Re7 Kf8 83.Ra7 Rb6  1/2-1/2

[Event "Sonnevanck"]
[Site "Wijk aan Zee"]
[Date "1992.??.??"]
[Round "6"]
[White "Kotronias, Vasilios"]
[Black "Bosboom, Manuel"]
[Result "1/2-1/2"]
[WhiteElo "2550"]
[BlackElo "2445"]

1.e4 c5 2.Nf3 e6 3.d4 cxd4 4.Nxd4 a6 5.Bd3 Qc7 6.O-O Nf6 7.Qe2 d6 8.c4 g6
9.Nc3 Bg7 10.Rd1 O-O 11.Nf3 Nbd7 12.Bf4 Ng4 13.Rac1 Nge5 14.b3 Re8 15.Bb1 b6
16.Ne1 Bb7 17.Qd2 Bf8 18.Nc2 Nf6 19.Nd4 Rac8 20.h3 Qb8 21.Bh6 Be7 22.Bg5 Ned7
23.Re1 Qa8 24.Qe3 Rc5 25.Bh4 Qb8 26.Bg3 Nh5 27.Bh2 Bg5 28.f4 Bh6 29.Qf2 Ba8
30.Nde2 Bg7 31.Rcd1 b5 32.e5 Bf8 33.cxb5 axb5 34.Ne4 Bxe4 35.Bxe4 b4 36.Kh1 Rec8
37.Bb1 Ng7 38.Ng3 d5 39.Ne4 R5c7 40.Nf6+ Nxf6 41.exf6 Nf5 42.Bxf5 exf5 43.Rxd5 Rc2
44.Rd2 Rxd2 45.Qxd2 Qb6 46.Rc1  1/2-1/2

[Event "Oberliga Wuert9192"]
[Site "Wuerttemberg"]
[Date "1992.??.??"]
[Round "?"]
[White "Ott, Frank"]
[Black "Zeller, Frank"]
[Result "1-0"]
[WhiteElo "2250"]
[BlackElo "2380"]

1.e4 c5 2.Nf3 e6 3.d4 cxd4 4.Nxd4 a6 5.Bd3 Bc5 6.Nb3 Ba7 7.Qe2 d6 8.Be3 Nc6
9.Bxa7 Rxa7 10.O-O Nf6 11.a4 b6 12.N1d2 O-O 13.c3 Qe7 14.Rfe1 Ne5 15.Nf1 Bb7
16.Nd4 Raa8 17.Bc2 Rfe8 18.Ng3 Nc4 19.Bd3 e5 20.Ndf5 b5 21.axb5 axb5 22.b3 Nb6
23.Bxb5 Red8 24.c4 g6 25.Nh6+ Kg7 26.Ng4 Ng8 27.Ne3 Nf6 28.Qd3 h5 29.f3 h4
30.Ne2  1-0

[Event "Wuerzburg op"]
[Site "Wuerzburg"]
[Date "1992.??.??"]
[Round "?"]
[White "Aseev, Konstantin N"]
[Black "Chuchelov, Vladimir"]
[Result "1/2-1/2"]
[WhiteElo "2560"]
[BlackElo "2490"]

1.e4 c5 2.Nf3 e6 3.d4 cxd4 4.Nxd4 a6 5.Bd3 Nf6 6.O-O Qc7 7.Re1 d6 8.c4 Be7
9.Nc3 O-O 10.Be3 Nbd7 11.Rc1 Ne5 12.Be2 Re8 13.b3 b6 14.f4 Ng6 15.Bd3 Bb7
16.Qf3 Nd7 17.Bb1 Bf6 18.Nde2 Rac8 19.Qh3 Nc5 20.b4 Nd7 21.Nd1 Qb8 22.Nf2 a5
23.Bd2 axb4 24.Bxb4 Nc5 25.Bc3 Bxc3 26.Rxc3 Qc7 27.Rg3 Qe7 28.f5 Ne5 29.Qh6 Ng6
30.Qh5 exf5 31.exf5 Qe5 32.Ng4 Nf4 33.Nh6+ Kh8 34.Nxf7+ Kg8 35.Nh6+ Kh8 36.Nf7+  1/2-1/2

[Event "Zalaegerszeg op"]
[Site "Zalaegerszeg"]
[Date "1992.??.??"]
[Round "?"]
[White "Horvath, Gyula"]
[Black "Barczay, Laszlo"]
[Result "1/2-1/2"]
[WhiteElo "2420"]
[BlackElo "2380"]

1.e4 c5 2.Nf3 e6 3.d4 cxd4 4.Nxd4 a6 5.Bd3 Nf6 6.O-O d6 7.c4 Be7 8.Nc3 O-O
9.b3 Nc6 10.Nxc6 bxc6 11.Bb2 e5 12.Qe2 Nd7 13.Na4 Nb6 14.Nxb6 Qxb6 15.Qc2 Qc5
16.a3 Be6 17.b4 Qa7 18.c5 dxc5 19.Bxe5 cxb4 20.axb4 Qb6 21.Rfb1 Rfd8 22.Bf1 h6
23.Qc3 Bf8 24.Qg3 Rd7 25.h3 Kh7 26.b5 cxb5 27.Bxb5 Rb7 28.Bd3 Qa7 29.Rxb7 Qxb7
30.f4 f6 31.Bd4  1/2-1/2

[Event "Zalakaros op"]
[Site "Zalakaros"]
[Date "1992.??.??"]
[Round "4"]
[White "Meszaros, Andras"]
[Black "Sjoberg, Mats"]
[Result "1/2-1/2"]
[WhiteElo "2310"]
[BlackElo "2380"]

1.e4 c5 2.Nf3 e6 3.d4 cxd4 4.Nxd4 a6 5.Bd3 Bc5 6.c3 d6 7.O-O Nf6 8.Kh1 e5
9.Nf5 Bxf5 10.exf5 d5 11.Bg5 Nc6 12.Nd2 O-O 13.f3 h6 14.Bh4 Be3 15.Qe1 Bg5
16.Bxg5 hxg5 17.Rd1 Qb6 18.b4 Rfe8 19.a3 Rad8 20.Bb1 e4 21.fxe4 dxe4 22.Nc4 Qc7
23.Rxd8 Rxd8 24.Ne3 Ne5 25.Qg3 Qxc3 26.Qxg5 Nc4 27.Ng4 e3 28.Nxf6+ Qxf6 29.Qxf6 gxf6
30.Re1 Nxa3 31.Be4 Rd4 32.Bf3 Nc2 33.Rc1 Rd2 34.Be4 Nxb4 35.Kg1 b6 36.Kf1 Kg7
37.Rc3 Nd5 38.Rc6 Nf4 39.Rc1 Nd3 40.Bxd3 Rxd3 41.Ra1 a5 42.Rb1 Rd5 43.Rxb6 Rxf5+
44.Ke2 Re5 45.Ra6 f5 46.g3 f6 47.Ra7+ Kg6 48.h3 Kh6 49.Rf7 Kg6 50.Ra7 Rb5
51.Kxe3 Rb3+ 52.Kf4 Rb4+ 53.Kf3 Ra4 54.Ra8 f4 55.g4 f5 56.Rg8+ Kf7 57.Rg5 fxg4+
58.Kxg4 Ke6  1/2-1/2

[Event "Zuerich op"]
[Site "Zuerich"]
[Date "1992.??.??"]
[Round "?"]
[White "Brendel, Oliver"]
[Black "Nemet, Ivan"]
[Result "0-1"]
[WhiteElo "2350"]
[BlackElo "2400"]

1.e4 c5 2.Nf3 e6 3.d4 cxd4 4.Nxd4 a6 5.Bd3 Bc5 6.Nb3 Ba7 7.Nc3 Nc6 8.Qe2 d6
9.Be3 b5 10.a3 Nf6 11.O-O O-O 12.Rad1 Bxe3 13.Qxe3 Bb7 14.h3 e5 15.Be2 Qc7
16.Rd2 Rad8 17.Rfd1 h6 18.Kh1 Ne7 19.Bf3 Rfe8 20.Nc1 d5 21.Nxd5 Bxd5 22.exd5 Nf5
23.Qb3 e4 24.Bg4 Nd6 25.Be2 e3 26.fxe3 Nfe4 27.Bf3 Nxd2 28.Rxd2 Qc4 29.Qd3 Qxd3
30.Rxd3 Nc4 31.e4 Nxb2 32.Rd4 Nc4 33.a4 f5 34.axb5 fxe4 35.Bh5 Re5 36.Bg4 axb5
37.Ne2 Ne3 38.Be6+ Kf8 39.Nf4 Ke8 40.Rb4 g5 41.Nh5 Ke7 42.c4 Rxe6 43.dxe6 Rd1+
44.Kh2 Nf1+ 45.Kg1 Ng3+ 46.Kf2 Nxh5 47.cxb5 Nf6 48.b6 Rd8 49.Kg3 Kxe6 50.h4 gxh4+
51.Kxh4 Ke5 52.Kg3 Nd5 53.Rb1 Rg8+ 54.Kf2 Rf8+ 55.Ke1 Rb8 56.b7 Kd6  0-1

[Event "Zuerich op"]
[Site "Zuerich"]
[Date "1992.??.??"]
[Round "?"]
[White "Ziatdinov, Raset"]
[Black "Nemet, Ivan"]
[Result "0-1"]
[WhiteElo "2460"]
[BlackElo "2400"]

1.e4 c5 2.Nf3 e6 3.d4 cxd4 4.Nxd4 a6 5.Bd3 Bc5 6.Nb3 Ba7 7.O-O Nc6 8.Nc3 d6
9.Re1 Nf6 10.Bg5 Ne5 11.Qd2 h6 12.Be3 Bxe3 13.Rxe3 O-O 14.Rg3 Ng6 15.Rd1 b5
16.Nd4 e5 17.Nc6 Qe8 18.Nb4 Bb7 19.Re3 Qe7 20.Bf1 Rfd8 21.Rd3 Nxe4 22.Nxe4 Bxe4
23.Rxd6 Rxd6 24.Qxd6 Qg5 25.Kh1 Nh4 26.f3 Nxf3 27.Nd3 Qh4 28.gxf3 Bxf3+ 29.Bg2 Bxg2+
30.Kg1 Bf3 31.Re1 e4 32.Qf4 Qxf4 33.Nxf4 Rd8  0-1

[Event "Alushta3"]
[Site "Alushta"]
[Date "1993.??.??"]
[Round "?"]
[White "Kuzmin, Gennadi P"]
[Black "Dragomarezkij, Evgeni"]
[Result "1-0"]
[WhiteElo "2500"]
[BlackElo "2535"]

1.e4 c5 2.Nf3 e6 3.d4 cxd4 4.Nxd4 a6 5.Bd3 Nf6 6.O-O d6 7.c3 Nbd7 8.Bc2 Be7
9.Qe2 O-O 10.Bg5 Qc7 11.Nd2 Re8 12.f4 Bf8 13.Bxf6 Nxf6 14.e5 Nd7 15.Rae1 dxe5
16.fxe5 f5 17.exf6 Nxf6 18.Ne4 Nxe4 19.Qxe4 g6 20.h4 Re7 21.h5 gxh5 22.Qf3 Bg7
23.Qxh5 Bxd4+ 24.cxd4 Bd7 25.Re4 Bc6 26.Rg4+ Kh8 27.Qh6  1-0

[Event "Arandjelovac"]
[Site "Arandjelovac"]
[Date "1993.??.??"]
[Round "3"]
[White "Matulovic, Milan"]
[Black "Miladinovic, Igor"]
[Result "0-1"]
[WhiteElo "2460"]
[BlackElo "2440"]

1.e4 c5 2.Nf3 e6 3.d4 cxd4 4.Nxd4 a6 5.Bd3 Ne7 6.f4 Nec6 7.Nf3 Bc5 8.Qe2 d6
9.Nbd2 Nd7 10.Nb3 Nb4 11.Bd2 O-O 12.Nxc5 dxc5 13.Bxb4 cxb4 14.e5 f5 15.exf6 Qxf6
16.O-O g6 17.Rae1 Nc5 18.Ne5 b6 19.Be4 Ra7 20.Rd1 a5 21.Rf2 Rg7 22.g3 Qe7
23.Bg2 h6 24.Qe3 Bb7 25.Bxb7 Qxb7 26.Rfd2 Kh7 27.Rd4 g5 28.fxg5 hxg5 29.c3 bxc3
30.Qxc3 Rf5 31.Qc2 Kh8 32.Rd8+ Rg8 33.Rxg8+ Kxg8 34.Rd8+ Kg7 35.Qc3 Qe4 36.Nd3+ e5
37.Nf2 Qe2 38.Qd2 Qf3 39.Rd6 Qxf2+ 40.Qxf2 Rxf2 41.Rxb6 Rd2 42.Rb5 Nd3 43.Rxa5 e4
44.Rxg5+ Kf6 45.Rg8 e3  0-1

[Event "AUT-chT"]
[Site "?"]
[Date "1993.??.??"]
[Round "?"]
[White "Mahdi, Khaled"]
[Black "Watzka, Horst"]
[Result "1-0"]
[WhiteElo "2375"]
[BlackElo "2325"]

1.e4 c5 2.Nf3 e6 3.d4 cxd4 4.Nxd4 a6 5.Bd3 Bc5 6.Nb3 Ba7 7.Qe2 Nc6 8.Be3 d6
9.O-O Nf6 10.c4 O-O 11.Nc3 Re8 12.Rac1 Bxe3 13.Qxe3 d5 14.Qd2 dxc4 15.Bxc4 b5
16.Qxd8 Rxd8 17.Be2 e5 18.f3 Be6 19.Nc5 Nd4 20.Bd3 b4 21.Ne2 Bxa2 22.Nxd4 Rxd4
23.Bxa6 Be6 24.Rfd1 Rad8 25.Rxd4 Rxd4 26.Nd3 Nd7 27.Rc8+ Nf8 28.Rb8 b3 29.Kf2 f6
30.Nc5 Bf7 31.Ke3 g6 32.Nxb3 Bxb3 33.Rxb3 Ne6 34.Rc3 Kg7 35.Bc4 Nf8 36.Bd5 Rb4
37.Rc7+ Kh6 38.Rf7 Rxb2 39.Rxf8 Kg5 40.g3 Rxh2 41.f4+ exf4+  1-0

[Event "AUT-chT2S 9293"]
[Site "AUT"]
[Date "1993.??.??"]
[Round "?"]
[White "Horvath, Gyula"]
[Black "Erdelyi, Tamas"]
[Result "0-1"]
[WhiteElo "2445"]
[BlackElo "2400"]

1.e4 c5 2.Nf3 e6 3.d4 cxd4 4.Nxd4 a6 5.Bd3 Nf6 6.O-O Qc7 7.Qe2 d6 8.c4 Be7
9.b3 O-O 10.Bb2 Re8 11.Nc3 Nbd7 12.Rad1 Bf8 13.Bb1 g6 14.f4 Bg7 15.Kh1 b6
16.Qf2 Bb7 17.Qh4 e5 18.Nde2 exf4 19.Nxf4 Ne5 20.h3 Qe7 21.Qf2 Ned7 22.Rfe1 Qf8
23.Nfd5 Rab8 24.Nxb6 Nxb6 25.Qxb6 Bxe4 26.Qf2 Bc6 27.Ba3 Rxe1+ 28.Rxe1 Re8
29.Rd1 Re6 30.Ne2 Nh5 31.Nd4 Rf6 32.Qe1 Rf1+ 33.Qxf1 Ng3+ 34.Kg1 Bxd4+ 35.Rxd4 Nxf1
36.Kxf1 Qh6 37.Rxd6 Qf4+ 38.Kg1 Qe3+ 39.Kh2 Bb7 40.Rd8+ Kg7 41.Bf8+ Kf6 42.Rd7 Bxg2
43.Kxg2 Qe2+ 44.Kg3 Qe3+ 45.Kg2 Qe2+ 46.Kg3 Qe1+ 47.Kf3 Qf1+ 48.Kg3 Qxb1
49.Rd6+ Ke5 50.Rxa6 Qd3+ 51.Kg2 f5 52.Bd6+ Ke4 53.Bc5 Qf3+ 54.Kh2 Qe2+  0-1

[Event "AUT-chT2S 9293"]
[Site "AUT"]
[Date "1993.??.??"]
[Round "?"]
[White "Wittmann, Walter"]
[Black "Erdelyi, Tamas"]
[Result "1/2-1/2"]
[WhiteElo "2400"]
[BlackElo "2400"]

1.e4 c5 2.Nf3 e6 3.d4 cxd4 4.Nxd4 a6 5.Bd3 Qc7 6.O-O Bc5 7.Nb3 Be7 8.Qe2 Nc6
9.f4 d6 10.N1d2 Nf6 11.Nf3 e5 12.Kh1 Bg4  1/2-1/2